Pocket handbook of clinical psychiatry
में बचाया:
| मुख्य लेखक: | |
|---|---|
| स्वरूप: | पुस्तक |
| भाषा: | Undetermined |
| प्रकाशित: |
Baltimore
Williams & Wilkins
1927
|
| विषय: | |
| टैग : |
टैग जोड़ें
कोई टैग नहीं, इस रिकॉर्ड को टैग करने वाले पहले व्यक्ति बनें!
|
| Thư viện lưu trữ: | Trung tâm Học liệu Trường Đại học Cần Thơ |
|---|
| LEADER | 00517nam a2200181Ia 4500 | ||
|---|---|---|---|
| 001 | CTU_220421 | ||
| 008 | 210402s9999 xx 000 0 und d | ||
| 082 | |a 616.89 | ||
| 082 | |b K17 | ||
| 100 | |a Kaplan, Harold | ||
| 245 | 0 | |a Pocket handbook of clinical psychiatry | |
| 245 | 0 | |c Harold I. Kaplan, Benjamin J. Sadock | |
| 260 | |a Baltimore | ||
| 260 | |b Williams & Wilkins | ||
| 260 | |c 1927 | ||
| 650 | |a Psychiatry,Tâm thần | ||
| 904 | |i Tuyến | ||
| 980 | |a Trung tâm Học liệu Trường Đại học Cần Thơ | ||